[Event "Unterfranken-ch HB 63th"]
[Site "Schweinfurt"]
[Date "2012.04.13"]
[Round "7"]
[White "Trapp, Kevin"]
[Black "Falkenstein, Johannes"]
[Result "0-1"]
[WhiteElo "1470"]
[BlackElo "1523"]
[PlyCount "82"]
[EventDate "2012.04.09"]
[EventType "swiss"]
[EventRounds "9"]
[EventCountry "GER"]
[SourceTitle "EXT 2015"]
[Source "ChessBase"]
[SourceDate "2014.11.20"]
[SourceVersion "1"]
[SourceVersionDate "2014.11.20"]
[SourceQuality "1"]

1. c4 e5 2. Nc3 Nf6 3. g3 Bb4 4. Bg2 0-0 5. a3 Bxc3 6. dxc3 d6 7. Nf3 c6 8. Bg5 h6 9. Bxf6 Qxf6 10. Qc2 Bg4 11. Nd2 Na6 12. Rd1 Rad8 13. Qb3 Qe7 14. Bf3 Bh3 15. g4 f5 16. gxf5 Nc5 17. Qc2 Bxf5 18. e4 Bh3 19. Rg1 Rf4 20. Rg3 Qh4 21. Ke2 Rdf8 22. Rdg1 g5 23. b4 Ne6 24. Kd1 Kh8 25. Qd3 g4 26. Be2 Rxf2 27. Qxd6 Qf6 28. Bxg4 Bxg4+ 29. Rxg4 Rxd2+ 30. Kxd2 Rd8 31. Qxd8+ Qxd8+ 32. Kc2 Kh7 33. Rg6 Ng5 34. h4 Kxg6 35. hxg5 hxg5 36. c5 Qf6 37. Rd1 Qf2+ 38. Kb3 Qf7+ 39. Kb2 g4 40. Rd6+ Kg5 41. Rd1 g3 0-1

[Event "Unterfranken-ch HB 63th"]
[Site "Schweinfurt"]
[Date "2012.04.11"]
[Round "5"]
[White "Link, Fabian"]
[Black "Trapp, Kevin"]
[Result "1/2-1/2"]
[WhiteElo "1670"]
[BlackElo "1470"]
[PlyCount "87"]
[EventDate "2012.04.09"]
[EventType "swiss"]
[EventRounds "9"]
[EventCountry "GER"]
[SourceTitle "EXT 2015"]
[Source "ChessBase"]
[SourceDate "2014.11.20"]
[SourceVersion "1"]
[SourceVersionDate "2014.11.20"]
[SourceQuality "1"]

1. c4 c5 2. Nc3 Nc6 3. g3 g6 4. Bg2 Bg7 5. e4 e5 6. Nge2 Nge7 7. 0-0 0-0 8. Rb1 d6 9. a3 Be6 10. d3 Qc7 11. b4 b6 12. Bd2 f5 13. b5 Na5 14. exf5 Bxf5 15. Bxa8 Rxa8 16. Ne4 Nb7 17. Bg5 Rf8 18. N2c3 Be6 19. Qd2 Nf5 20. Be3 Kh8 21. h4 Qd7 22. Ng5 Bg8 23. Kh2 Na5 24. Nh3 Be6 25. Ng1 Qd8 26. Bg5 Qd7 27. Qe2 Nd4 28. Qd2 Bf5 29. Be3 Re8 30. f3 Be6 31. Bxd4 exd4 32. Ne4 d5 33. Nxc5 bxc5 34. Qxa5 dxc4 35. Rfe1 cxd3 36. b6 axb6 37. Rxb6 c4 38. Rexe6 Rxe6 39. Rb8+ Bf8 40. Qc5 Re7 41. Rxf8+ Kg7 42. Rf4 d2 43. Rxd4 d1Q 44. Rxd7 1/2-1/2